Statystyki dla Kandydaci na prezydenta RP 1990

Kliknij tutaj aby rozwiązać quiz!

Ogólne statystyki

  • Ten quiz został rozwiązany 55 razy
  • Średni wynik to 2 z 6

Statystyki odpowiedzi

% głosów w I turze% głosów w II turzePartiaOdpowiedź% Poprawnych
39,9674,25SolidarnośćLech Wałęsa
100%
20,1025,75BezpartyjnyStanisław Tymiński
45%
18,08-Forum Prawicy DemokratycznejTadeusz Mazowiecki
41%
9,21-Socjaldemokracja RPWłodzimierz Cimoszewicz
20%
2,50-Konfederacja Polski NiepodległejLeszek Moczulski
18%
7,15-PSLRoman Bartoszcze
18%

Rozkład punktacji

Percentyl według liczby udzielonych odpowiedzi

Procent ludzi z każdym wynikiem

Twoja historia wyników

Nie rozwiązałeś tego quizu